| 000 | 00570nam a22001691i 4500 | ||
|---|---|---|---|
| 001 | 8717 | ||
| 090 | _a8717 | ||
| 010 | _a9789722610452 | ||
| 100 | _a20170304u u u0frey50 ba | ||
| 200 | 1 |
_fElizabeth Fenwick _aAdolescência: Um Valioso Guia para Pais e Adolescentes |
|
| 215 |
_a288p _cil _d24 cm |
||
| 702 | 1 |
_aSilva _bLucinda _4730 |
|
| 701 | 1 |
_aSmith _bTony _4070 |
|
| 700 | 1 |
_aFenwick _bElizabeth _4070 |
|
| 210 |
_cCivilização _aPorto _d2002 |
||
| 996 |
_f0009481 _kFEN _m00000000 _n00000000 _aBMVA _b1 _vViana do Alentejo _xEducação. Ensino. Pedagogia _y21 _eLivro _10 _31 |
||
| 990 | _cLIVROS | ||